'Q' in History Quiz Stats

 Plays Quiz Updated Dec 25, 2013

Support Sporcle.
Go Orange.
Score 0/20 Timer 05:00
0 Plays Today
Question Answer % Correct
Which borough of New York is believed to be named after Catherine of Braganza?Queens
89.6%
What was the principal writing instrument from the 6th to the 19th century?Quill
86.1%
For which Christian movement did William Penn found Pennsylvania as a safe haven?Quakers
84.3%
Which North American city is the site where French settlers founded New France?Quebec
81.8%
What was the middle name of the sixth president of the US, son of the second president?Quincy
80.8%
In what would a mediƦval archer have stored his arrows?Quiver
78.3%
Who was Vice President of the US under George H. W. Bush?Dan Quayle
65.4%
Which Australian airline was founded on 16th November 1920?Qantas
65.3%
The first treatment of malaria using which antimalarial bark was made in 1631?Quinine
53.1%
Who became the first emperor of unified China in 221 B.C?Qin Shi Huang
48.6%
Question Answer % Correct
The surname of which WWII Norwegian politician has become synonymous with traitor?Vidkun Quisling
31.3%
Who was the god of wind and knowledge, in Aztec mythology?Quetzalcoatl
24.4%
Which city was the Philippines' capital from 1948-76, and is named after a former president?Quezon City
22.6%
What became Peru's second official language in 1969?Quechua
19.3%
Which alliance was formed by Russia, Prussia, Austria and the UK in 1815?Quadruple Alliance
13.5%
What name was given to an official who supervised the state's treasury in ancient Rome?Quaestor
13.4%
What name is given to a hardwood shaft 6-9 feet long, commonly used as a mediƦval weapon?Quarterstaff
12.8%
Which South African zebra subspecies became extinct in 1883?Quagga
12.8%
Which blinding calcium compound is proposed to have been an ingredient of Greek fire?Quicklime
9.9%
Near which settlement were the Dead Sea Scrolls discovered from 1947-55?Qumran
8.7%

You're not logged in!

Compare scores with friends on all Sporcle quizzes.
OR
Log In
Forgot?

From the Vault

Colorful Shape Search III

by PrincessMartell

Just don't get too bent out of shape if time runs out on you.
Remove Ads.
Support Sporcle.
Get the best of Sporcle when you Go Orange. This ad-free experience offers more features, more stats, and more fun while also helping to support Sporcle. Thank you for becoming a member.

Show Comments

Extras

Top Quizzes Today


Score Distribution

Your Account Isn't Verified!

In order to create a playlist on Sporcle, you need to verify the email address you used during registration. Go to your Sporcle Settings to finish the process.

Report this User

Report this user for behavior that violates our Community Guidelines.

Details: